| 000 | 01456nam a2200349Ia 4500 | ||
|---|---|---|---|
| 001 | ebr10369052 | ||
| 003 | CaPaEBR | ||
| 006 | m u | ||
| 007 | cr cn||||||||| | ||
| 008 | 010129s2000 enk sb 101 0 eng d | ||
| 020 | _z9780853238348 | ||
| 020 | _z0853238448 (pbk.) | ||
| 020 | _z0853238340 | ||
| 040 |
_aCaPaEBR _cCaPaEBR |
||
| 035 | _a(OCoLC)276233165 | ||
| 050 | 1 | 4 |
_aPN3433.5 _b.S645 2000eb |
| 245 | 0 | 0 |
_aSpeaking science fiction _h[electronic resource] : _bdialogues and interpretations / _cedited by Andy Sawyer and David Seed. |
| 260 |
_aLiverpool : _bLiverpool University Press, _c2000. |
||
| 300 | _a248 p. | ||
| 490 | 1 |
_aLiverpool science fiction texts and studies ; _v21 |
|
| 500 | _aPapers from a conference held in Liverpool in 1996. | ||
| 504 | _aIncludes bibliographical references and index. | ||
| 533 |
_aElectronic reproduction. _bPalo Alto, Calif. : _cebrary, _d2011. _nAvailable via World Wide Web. _nAccess may be limited to ebrary affiliated libraries. |
||
| 650 | 0 |
_aScience fiction _xHistory and criticism _vCongresses. |
|
| 650 | 0 |
_aFiction _xHistory and criticism _vCongresses. |
|
| 655 | 7 |
_aElectronic books. _2local |
|
| 700 | 1 | _aSawyer, Andy. | |
| 700 | 1 | _aSeed, David. | |
| 710 | 2 | _aebrary, Inc. | |
| 830 | 0 |
_aLiverpool science fiction texts and studies ; _v21. |
|
| 856 | 4 | 0 |
_uhttp://site.ebrary.com/lib/rucke/Doc?id=10369052 _zAn electronic book accessible through the World Wide Web; click to view |
| 999 |
_c214362 _d214362 |
||